Six sigma for managers : a brief case book (Record no. 172703)

MARC details
000 -LEADER
fixed length control field 00369nam a2200145Ia 4500
008 - FIXED-LENGTH DATA ELEMENTS--GENERAL INFORMATION
fixed length control field 231217s9999 xx 000 0 und d
041 ## - LANGUAGE CODE
Language code of text/sound track or separate title English
082 ## - DEWEY DECIMAL CLASSIFICATION NUMBER
Classification number 658 BRU;1 R
100 ## - MAIN ENTRY--PERSONAL NAME
Personal name Brue, Greg
245 #0 - TITLE STATEMENT
Title Six sigma for managers : a brief case book
260 ## - PUBLICATION, DISTRIBUTION, ETC.
Date of publication, distribution, etc. 2002
Name of publisher, distributor, etc. Tata McGraw-Hill
Place of publication, distribution, etc. New Delhi
300 ## - PHYSICAL DESCRIPTION
Extent xiv+189
650 ## - SUBJECT ADDED ENTRY--TOPICAL TERM
Topical term or geographic name entry element Six,sigma
942 ## - ADDED ENTRY ELEMENTS (KOHA)
Koha item type Books
Holdings
Date last seen Total checkouts Full call number Accession number Cost, total (INR) price Price effective from Category Lost status Damaged status Department Withdrawn status Home library Current library Shelving location Entry date Vendor Cost, normal purchase price Grants Billnumber Billdate Currency symbol Conversion rate Discount Old discount Date last checked out
26/01/2024   658 BRU;1 R 28961 112.50 26/01/2024 Books     Central Library   Central Library Central Library Central Library 21/07/2004 I K International 150.00 TC 572 05/07/2006 RS 1 37.5 25  
26/01/2024   658 BRU;3 28963 112.50 26/01/2024 Books     Central Library   Central Library Central Library Central Library 21/07/2004 I K International 150.00 TC 572 05/07/2006 RS 1 37.5 25  
16/09/2025 2 658 BRU;2 R1 28962 112.50 26/01/2024 Books     Central Library   Central Library RFID Kiosk Central Library 21/07/2004 I K International 150.00 TC 572 05/07/2006 RS 1 37.5 25 28/08/2025

© For any Suggestions or Query, please contact the library staff @ librarian@pes.edu or Phone: +9180 2672 1983/ 2108.